| Tag |
First Indicator |
Second Indicator |
Subfields |
| LEADER |
00000cam a2200000 i 4500 |
| 001 |
in00000190113 |
| 005 |
20151009051342.0 |
| 008 |
790521s1978 abca 00010 ukrr |
| 010 |
|
|
|a 78417884
|
| 020 |
|
|
|a 0919452248
|
| 035 |
|
|
|a (OCoLC)04985024
|
| 035 |
|
|
|9 AAV5222AM
|
| 040 |
|
|
|a DLC
|c CLE
|d TXA
|d UtOrBLW
|
| 049 |
|
|
|a TXAM
|c [1496684]
|
| 050 |
0 |
0 |
|a PG3948.S533
|b Z9
|
| 245 |
0 |
0 |
|a Tvorchist' IAra Slavutycha :
|b statti i retsenzii /
|c uporiadkuvav Volodymyr Zhyla.
|
| 264 |
|
1 |
|a Edmonton :
|b Vyd. IUvileinoho komitetu,
|c 1978.
|
| 300 |
|
|
|a 431 pages :
|b illustrations ;
|c 24 cm.
|
| 336 |
|
|
|a text
|b txt
|2 rdacontent
|
| 337 |
|
|
|a unmediated
|b n
|2 rdamedia
|
| 338 |
|
|
|a volume
|b nc
|2 rdacarrier
|
| 500 |
|
|
|a On verso of title page: The poetry of Yar Slavutych.
|
| 500 |
|
|
|a English, French, or Ukrainian (in Cyrillic characters).
|
| 504 |
|
|
|a Includes bibliographical references.
|
| 600 |
1 |
0 |
|a Slavutych, I︠A︡r,
|d 1918-2011
|x Criticism and interpretation.
|
| 700 |
1 |
|
|a Slavutych, I︠A︡r,
|d 1918-2011.
|
| 700 |
1 |
|
|a Zyla, Wolodymyr T.,
|d 1919-
|
| 740 |
4 |
|
|a The poetry of Yar Slavutych.
|
| 999 |
|
|
|a MARS
|
| 999 |
f |
f |
|s b472986e-2398-3d6b-ac10-023b806cb7b1
|i 9f86862d-0f21-323b-aea2-843974e1fcb6
|t 0
|
| 952 |
f |
f |
|p ric
|a Texas A&M University
|b Rellis Campus
|c Joint Library Facility
|d Remote Storage
|t 0
|e PG3948.S533 Z9
|h Library of Congress classification
|i unmediated -- volume
|m A14803632811
|
| 998 |
f |
f |
|a PG3948.S533 Z9
|t 0
|l Remote Storage
|